Indian financial system (Record no. 9996)
[ view plain ]
| 000 -LEADER | |
|---|---|
| fixed length control field | 00487cam a2200193ua 4500 |
| 001 - CONTROL NUMBER | |
| control field | 11143 |
| 005 - DATE AND TIME OF LATEST TRANSACTION | |
| control field | 20260515114717.0 |
| 008 - FIXED-LENGTH DATA ELEMENTS--GENERAL INFORMATION | |
| fixed length control field | 190829n ii |||gr||||Z||||||eng |
| 020 ## - INTERNATIONAL STANDARD BOOK NUMBER | |
| International Standard Book Number | 9789352607655 |
| 040 ## - CATALOGING SOURCE | |
| Transcribing agency | MAIN |
| 041 ## - LANGUAGE CODE | |
| Language code of text/sound track or separate title | eng |
| 082 ## - DEWEY DECIMAL CLASSIFICATION NUMBER | |
| Classification number | 332.0954 |
| 100 ## - MAIN ENTRY--PERSONAL NAME | |
| Personal name | M Y Khan, |
| Relator term | Author. |
| 245 ## - TITLE STATEMENT | |
| Title | Indian financial system |
| Statement of responsibility, etc. | By M Y Khan |
| 250 ## - EDITION STATEMENT | |
| Edition statement | 10th ed. |
| 260 ## - PUBLICATION, DISTRIBUTION, ETC. | |
| Place of publication, distribution, etc. | Chennai: |
| Name of publisher, distributor, etc. | Mcgraw hill education private limited, |
| Date of publication, distribution, etc. | 2018. |
| 653 ## - INDEX TERM--UNCONTROLLED | |
| Uncontrolled term | Financial economics |
| 942 ## - ADDED ENTRY ELEMENTS (KOHA) | |
| Koha item type | Books |
| Withdrawn status | Lost status | Damaged status | Not for loan | Home library | Current library | Shelving location | Date acquired | Total checkouts | Full call number | Barcode | Date last seen | Copy number | Price effective from | Koha item type | Date last checked out |
|---|---|---|---|---|---|---|---|---|---|---|---|---|---|---|---|
| Naharkatiya College Library | Naharkatiya College Library | General stacks | 09/19/2020 | 332.0954Indian financial system | KHA | 27433 | 09/19/2020 | 2 | 09/19/2020 | Books | ||||||
| Naharkatiya College Library | Naharkatiya College Library | General stacks | 09/19/2020 | 1 | 332.0954Indian financial system | KHA | 27434 | 09/13/2021 | 3 | 09/19/2020 | Books | 07/30/2021 | ||||
| Naharkatiya College Library | Naharkatiya College Library | General stacks | 09/19/2020 | 1 | 332.0954Indian financial system | KHA | 27435 | 09/06/2021 | 1 | 09/19/2020 | Books | 08/28/2021 |